000 00795cam a2200229 a 4500
003 EG-GiCUC
008 080921s1986 ba g 000 0 ara d
040 _aEG-GiCUC
_bara
_cEG-GiCUC
092 0 4 _a216
_bD543
_221
099 _a04
_a216 D543
100 1 _aالديب : عبد العظيم
245 1 2 _aالمستشرقون و التراث /
_cعبد العظيم الديب
260 _aالبحرين :
_bمكتبة ابن تيمية :
_c1986
300 _a46ص ؛
_c24سم
650 7 _aالاستشراق و المستشرقون
_2qrmak
650 7 _aالاسلام
_xدفع مطاعن
_2qrmak
902 _a1
905 _aابراهيم
_eمدخل
905 _aعمر
_eمراجع
942 _2ddc
_cBK
999 _c102882
_d102882